[Event "Wil Acrevis op 1st"]
[Site "Wil"]
[Date "2020.06.20"]
[Round "3"]
[White "Aegler, Leandro Fabian"]
[Black "Dueck, Sebastian"]
[Result "1-0"]
[WhiteElo "1328"]
[BlackElo "1152"]
[PlyCount "63"]
[EventDate "2020.06.19"]
[EventType "swiss"]
[EventRounds "5"]
[EventCountry "SUI"]
[SourceTitle "CBM 197 Extra"]
[Source "ChessBase"]
[SourceDate "2020.09.30"]
[SourceVersion "1"]
[SourceVersionDate "2020.09.30"]
[SourceQuality "1"]

1. e4 c5 2. Nf3 d6 3. d4 cxd4 4. Nxd4 f6 5. Nc3 e5 6. Nf3 Nc6 7. Bb5 Nh6 8. h3 a6 9. Bxc6+ bxc6 10. 0-0 Bxh3 11. gxh3 Qc8 12. Kh2 Ng4+ 13. hxg4 Qxg4 14. Nd2 Qf4+ 15. Kg1 h5 16. Qf3 Qg5+ 17. Qg2 d5 18. Qxg5 fxg5 19. exd5 cxd5 20. Nxd5 h4 21. Nc7+ Ke7 22. Nxa8 g4 23. Re1 h3 24. Kh2 Kf7 25. Rg1 Bc5 26. Rxg4 Bd6 27. Nf1 e4+ 28. Bf4 Bxf4+ 29. Rxf4+ Ke6 30. Rxe4+ Kf5 31. Re3 Kg4 32. Nc7 1-0